02374nam a22003978a 4500001001000000003000400010005001700014008004100031020002200072020002500094040001300119082002400132100003800156245003700194250003200231260006400263300004300327500002700370500002400397504004100421650003100462653003300493655002100526942001200547999001700559952013400576952013900710952013800849952013800987952012801125952013901253952013801392952013901530952015401669952015301823016039335OSt20201128020947.0120223t2013 at a frbd 001 0 eng d a1133526845 (pbk.) a9781133526841 (pbk.) aEG-ScBUE00a658.054678223bSCH1 aSchneider, Gary P.,d1952-91195010aE-Business /cGary P. Schneider. a10th ed., International ed. a[Canberra] :bCourse Technology, Cengage Learning,cc.2013. axxiii, 582 p. :bill. (col.) ;c25 cm. aGlossary : p. 527-557. aIndex : p. 559-582. aIncludes bibliographical references. 0aElectronic commerce.91169 bBUSADMcMarch2013cMarch2015 vtext book933728 2ddccBB c17389d17361 00102ddc40708BaccahaMAINbMAINc1STd2013-03-21epurchasel3o658.054678 SCHp000028584r2025-07-15 00:00:00s2013-04-21yNB 00102ddc40708BaccahaMAINbMAINc1STd2013-03-21epurchasel15m35o658.054678 SCHp000028585r2025-07-15 00:00:00s2017-02-20yBB 00102ddc40708BaccahaMAINbMAINc1STd2013-03-21epurchasel7m36o658.054678 SCHp000028586r2025-07-15 00:00:00s2019-05-09yBB 00102ddc40708BaccahaMAINbMAINc1STd2013-03-21epurchasel8m33o658.054678 SCHp000028587r2025-07-15 00:00:00s2016-01-13yBB 00102ddc40708BaccahaMAINbMAINc1STd2013-03-21l7m21o658.054678 SCHp000028588r2025-07-15 00:00:00s2015-02-17yBB 00102ddc40708BaccahaMAINbMAINc1STd2013-03-21epurchasel13m49o658.054678 SCHp000028589r2025-07-15 00:00:00s2020-03-02yBB 00102ddc40708BaccahaMAINbMAINc1STd2013-03-21epurchasel7m33o658.054678 SCHp000028590r2025-07-15 00:00:00s2015-02-09yBB 00102ddc40708BaccahaMAINbMAINc1STd2013-03-21epurchasel14m44o658.054678 SCHp000028591r2025-07-15 00:00:00s2019-02-26yBB 00102ddc40708BaccahaMAINbMAINc1STd2013-03-21epurchaseg270.00l9m29o658.054678 SCHp000028592r2025-07-15 00:00:00s2019-02-17v337.50yBB 00102ddc40708BaccahaMAINbMAINc1STd2015-03-25epurchaseg270.00l4m9o658.054678 SCHp000037808r2025-07-15 00:00:00s2017-05-07v337.50yBB